Le nom des habitants par pays #6 - Statistiques

Statistiques générales
  • Ce quiz a été pris 178 fois
  • Le résultat moyen est 13 sur 16
Statistiques - réponses
Pays Gentilé % Correct
Géorgie Géorgien
100%
Arménie Arménien
99%
Liban Libanais
99%
Croatie Croate
98%
Somalie Somalien
98%
Moldavie Moldave
97%
Népal Népalais
94%
Gambie Gambien
90%
Kenya Kényan
86%
Monaco Monégasque
85%
Équateur Équatorien
83%
Cap-Vert Cap-Verdien
64%
Marshall Marshallais
58%
Laos Laotien
55%
Samoa Samoan
48%
Bahamas Bahamien
27%
Aucun quiz correspondant
Distribution des résultats
% des personnes avec chaque résultat
Percentile par nombre de réponses
Votre historique - résultats
Vous n’avez pas pris ce quiz